| 000 | 00623cam a22002174a 4500 | ||
|---|---|---|---|
| 001 | TB12223 | ||
| 003 | IN-BhIIT | ||
| 005 | 20250225100541.0 | ||
| 008 | 991108s2000 enka b 001 0 eng | ||
| 020 | _a9780415224277 (pbk.) | ||
| 040 | _aIN-BhIIT | ||
| 041 | _aeng | ||
| 082 | 0 | 0 |
_a190 _bBEN/I |
| 100 | 1 |
_aBennington, Geoffrey. _eAuthor _925354 |
|
| 245 | 1 | 0 |
_aInterrupting derrida / _cby Geoffrey Bennington. |
| 260 |
_aNew York : _bRoutledge, _c2000. |
||
| 300 |
_axiv, 235 p. : _bill. ; _c24 cm. |
||
| 504 | _aIncludes bibliographical references and index. | ||
| 650 |
_aPhilosophy (European) _925355 |
||
| 942 | _cTB | ||
| 999 |
_c14674 _d14674 |
||